Απειροστικός λογισμός 2

Αποθηκεύτηκε σε:
Λεπτομέρειες βιβλιογραφικής εγγραφής
Κύριος συγγραφέας: Ντούγιας, Σωτήρης Κ.
Μορφή: Βιβλίο
Γλώσσα:Greek
Δημοσίευση: Ιωάννινα : Πανεπιστήμιο Ιωαννίνων, 1989
Θέματα:
Ετικέτες: Προσθήκη ετικέτας
Δεν υπάρχουν, Καταχωρήστε ετικέτα πρώτοι!

MARC

LEADER 00000nam a2200000 i 4500
001 1/34227
008 941103s1989 gre d
035 |a 1994  |c ΔΩΡΕΑ  |l 10039586 
040 |a GR-MY-UA  |b gre  |e aacr 
041 0 |a gre 
082 0 |a 515 
100 1 |a Ντούγιας, Σωτήρης Κ. 
245 1 0 |a Απειροστικός λογισμός 2 
260 |a Ιωάννινα :   |b Πανεπιστήμιο Ιωαννίνων,   |c 1989 
300 |a vii, 24 σ.;  |b εικ.;  |c 25 εκ. 
500 |a Ολοκλήρωμα(αόριστο, ορισμένο γενικευμένο)-Μετασχηματισμοί Laplace 
504 |a Βιβλιογραφία: 353-354. Ευρετήριο 
650 0 0 |a Calculus. 
650 0 0 |a Mathematical analysis. 
650 0 0 |a Calculus, Integral. 
650 0 0 |a Series. 
852 |a INST  |b SAMOS  |e 19941103  |h 515 NTO  |p 005300000056  |q 005300000056  |t BK  |y 0 
852 |a INST  |b SAMOS  |e 19941109  |h 515 NTO  |p 005300004274  |q 005300004274  |t BK  |y 0 
852 |a INST  |b SAMOS  |e 19941109  |h 515 NTO  |p 005300004275  |q 005300036674  |t BK  |y 0 
852 |a INST  |b SAMOS  |e 19941109  |h 515 NTO  |p 005300004276  |q 005300004276  |t BK  |y 0 
852 |a INST  |b SAMOS  |e 19941103  |h 515 NTO  |p 005300006537  |q 005300006537  |t BK  |y 0 
852 |a INST  |b SAMOS  |e 19941103  |h 515 NTO  |p 005300006551  |q 005300006551  |t BK  |y 0 
852 |a INST  |b SAMOS  |e 19941103  |h 515 NTO  |p 005300006559  |q 005300006559  |t BK  |y 0 
852 |a INST  |b SAMOS  |e 19941103  |h 515 ΝΤΟ  |p 005300000027  |q 005300000027  |t BK  |y 0 
852 |a INST  |b SAMOS  |e 19941103  |h 515 ΝΤΟ  |p 005300000054  |q 005300000054  |t BK  |y 0 
852 |a INST  |b SAMOS  |e 19941103  |h 515 ΝΤΟ  |p 005300000055  |q 005300000055  |t BK  |y 0 
852 |a INST  |b SAMOS  |e 19941103  |h 515 ΝΤΟ  |p 005300000057  |q 005300000057  |t BK  |y 0 
852 |a INST  |b SAMOS  |e 19941109  |h 515 ΝΤΟ  |p 005300004277  |q 005300004277  |t BK  |y 12 
852 |a INST  |b SAMOS  |e 19941103  |h 515 ΝΤΟ  |p 005300004360  |q 005300004360  |t BK  |y 0 
852 |a INST  |b SAMOS  |e 19941103  |h 515 ΝΤΟ  |p 005300005754  |q 005300005754  |t BK  |y 0 
852 |a INST  |b SAMOS  |e 19980519  |h 515 ΝΤΟ  |p 005300011454  |q 005300011454  |t BK  |y 0 
852 |a INST  |b SAMOS  |e 19941103  |h 515 ΝΤΟ  |p 005300014012  |q 005300014012  |t BK  |y 12 
852 |a INST  |b SAMOS  |e 19941103  |h 515 ΝΤΟ  |p 005300014131  |q 005300014131  |t BK  |y 12 
909 |a Σ  |b 024411 
909 |a Σ  |b 024412 
909 |a Σ  |b 024413 
909 |a Σ  |b 024414 
909 |a Σ  |b 024415 
909 |a Σ  |b 024416 
909 |a Σ  |b 024417 
909 |a Σ  |b 024418 
909 |a Σ  |b 024419 
909 |a Σ  |b 024420 
909 |a Σ  |b 024421 
909 |a Σ  |b 024432 
909 |a Σ  |b 027622 
909 |a Σ  |b 035841 
909 |a Σ  |b 035840 
909 |a Σ  |b 035839 
909 |a Σ  |b 035838